Statistics for Spanish time phrases

Click here to take the quiz!

General Stats

  • This quiz has been taken 18 times
  • The average score is 15 of 22

Answer Stats

EnglishSpanish% Correct
MañanaTomorrow
100%
La semana pasadaLast week
94%
El año pasadoLast year
88%
AyerYesterday
88%
Todos los diasEvery day
81%
GeneralmenteGenerally/Usually
81%
NormalmenteNormally
81%
A vecesSometimes
81%
Fin de semanaWeekend
81%
En mi tiempo libreIn my free time
69%
Por la tardeIn the afternoon
69%
Por la mañanaIn the morning
69%
En el pasadoIn the past
69%
Por la nocheIn the evening
63%
Cuando tengo tiempoWhen I have time
63%
Cuando hace fríoWhen its cold
63%
Cuando hace calorWhen its hot
63%
Cuando hace solWhen its sunny
63%
El fin de semena pasadoLast weekend
56%
Cuando llueveWhen it rains
56%
Cuando tenía cinco añosWhen I was 5 years old
44%
Cuando hace buen tiempoWhen the weathers nice
6%

Score Distribution

Percentile by Number Answered

Percent of People with Each Score

Your Score History

You have not taken this quiz